Minhas 21 Músicas Favoritas - Statistics

Estatísticas Gerais
  • Esse quiz foi jogado 24 vezes
  • A pontuação média é 5 de 23
Estatísticas das Respostas
Artista Faixa % Correto
Pineapple Storm Tv Poesia Acústica (6, 9, 13)
70%
O Rappa Anjos (pra quem tem fé)
50%
Veigh Novo Balanço
50%
Roddy Ricch The box
40%
Xamã Malvadão
30%
KYLE, Lil Yatchy, Polo G, Lil Tjay iSpy / Pop Out
20%
Bad Bunny, Drake MIA
20%
O Rappa Vapor barato
20%
Polo G 21
10%
Xamã A Bela e a Fera / Soberba
10%
Mc Poze do Rodo, Bielzin, PL Quest, Mc Cabelinho, Mainstreet A Cara do Crime (Nóis Incomoda)
10%
Hungria Amor e Fé
10%
Juice WRLD, NBA Youngboy Bandit / Robbery
10%
Sabotage, Negra Li Canão foi tão bom
10%
Lagum Curva da Ladeira
10%
Dj Khaled, Justin Bieber, Quavo, Chance the Rapper, Lil Wayne Im the one
10%
Panic! At The Disco I write sins not tragedies
10%
Bob Marley & The Wailers Jamming
10%
O Rappa O que sobrou do céu
10%
Polo G Rapstar
10%
Xamã, Mano fler, Tiankris Seu Rei
10%
Grupo Frontera, Bad Bunny unx100to
10%
24kGoldn VALENTINO
10%
Nenhum quiz correspondente encontrado
Distribuição das Pontuações
Porcentagem de Pessoas com Cada Pontuação
Percentil de Números Respondidos
Sua Pontuação Histórica
Você não jogou esse quiz